[Event "Pocos de Caldas op"]
[Site "Pocos de Caldas"]
[Date "2019.02.08"]
[Round "2"]
[White "Alboredo, Julia"]
[Black "Schucman, Rebeca Lot"]
[Result "1-0"]
[WhiteElo "2212"]
[BlackElo "1721"]
[PlyCount "20"]
[EventDate "2019.02.08"]
[EventType "swiss"]
[EventRounds "6"]
[EventCountry "BRA"]
[SourceTitle "CBM 188 Extra"]
[Source "ChessBase"]
[SourceDate "2019.02.28"]
[SourceVersion "1"]
[SourceVersionDate "2019.02.28"]
[SourceQuality "1"]

1. e4 c5 2. Nf3 Nc6 3. d4 cxd4 4. Nxd4 d6 5. c4 g6 6. Nc3 Bg7 7. Be3 Nf6 8. Be2 0-0 9. 0-0 Nxd4 10. Nb5 a5 1-0

[Event "BRA-ch Universities (Women)"]
[Site "Vitoria"]
[Date "2018.06.08"]
[Round "5"]
[White "Schucman, Rebeca Lot"]
[Black "Rodrigues, Jadna Couto"]
[Result "1-0"]
[WhiteElo "1737"]
[BlackElo "1486"]
[PlyCount "47"]
[EventDate "2018.06.06"]
[EventType "swiss"]
[EventRounds "7"]
[EventCountry "BRA"]
[SourceTitle "EXT 2019"]
[Source "ChessBase"]
[SourceDate "2018.10.10"]
[SourceVersion "1"]
[SourceVersionDate "2018.10.10"]
[SourceQuality "1"]

1. d4 d5 2. c4 Nf6 3. Nc3 e6 4. cxd5 Nxd5 5. e4 Nxc3 6. bxc3 Be7 7. Nf3 b6 8. Bd3 Bb7 9. 0-0 c5 10. Be3 Nd7 11. Qa4 0-0 12. Rac1 Qc7 13. Rfd1 Nf6 14. Qc2 c4 15. Be2 Bxe4 16. Qa4 Rfc8 17. Ne5 Nd5 18. Nxc4 Qc6 19. Qxc6 Rxc6 20. Nd2 Nxe3 21. fxe3 f5 22. Nxe4 fxe4 23. a4 Rd6 24. Ba6 1-0

[Event "Florianopolis op 3rd"]
[Site "Florianopolis"]
[Date "2017.01.23"]
[Round "6"]
[White "Schucman, Rebeca Lot"]
[Black "Van Riemsdijk, Dirk Dagobert"]
[Result "0-1"]
[WhiteElo "1746"]
[BlackElo "2017"]
[PlyCount "76"]
[EventDate "2017.01.20"]
[EventType "swiss"]
[EventRounds "10"]
[EventCountry "BRA"]
[SourceTitle "CBM 176 Extra"]
[Source "ChessBase"]
[SourceDate "2017.03.02"]
[SourceVersion "1"]
[SourceVersionDate "2017.03.02"]
[SourceQuality "1"]

1. d4 d5 2. c4 c6 3. cxd5 cxd5 4. Nc3 Nc6 5. Bf4 Nf6 6. e3 a6 7. Nf3 e6 8. Bd3 Bd6 9. Ne5 Bxe5 10. Bxe5 Nxe5 11. dxe5 Nd7 12. Qa4 0-0 13. Qc2 h6 14. f4 b5 15. b4 Bb7 16. 0-0 Rc8 17. Rac1 f6 18. f5 Nxe5 19. fxe6 Qe7 20. Bf5 Rc4 21. Qd2 g6 22. Bh3 f5 23. Nxd5 Qxe6 24. Nf4 Qb6 25. Nd5 Qd6 26. Rcd1 Re4 27. g4 Nc4 28. Qd3 Qxd5 29. Qxd5+ Bxd5 30. Rxd5 Nxe3 31. Rd6 Nxf1 32. Bxf1 Kg7 33. Rxa6 Rxb4 34. Rb6 Ra8 35. Bxb5 Rxa2 36. Rb7+ Kf6 37. Rb6+ Ke5 38. Ra6 Rb1+ 0-1

[Event "Pan American-ch U18 Girls"]
[Site "Cali"]
[Date "2015.06.29"]
[Round "3"]
[White "Schucman, Rebeca Lot"]
[Black "Besso, Guadalupe"]
[Result "0-1"]
[WhiteElo "1704"]
[BlackElo "1947"]
[PlyCount "62"]
[EventDate "2015.06.28"]
[EventType "swiss"]
[EventRounds "9"]
[EventCountry "COL"]
[SourceTitle "EXT 2016"]
[Source "ChessBase"]
[SourceDate "2015.10.08"]
[SourceVersion "1"]
[SourceVersionDate "2015.10.08"]
[SourceQuality "1"]

1. d4 d5 2. c4 e5 3. dxe5 d4 4. Nf3 Nc6 5. h3 Be6 6. Nbd2 Nge7 7. Qc2 Ng6 8. Qe4 Qd7 9. a3 0-0-0 10. g4 h5 11. g5 Bf5 12. Qd5 Qxd5 13. cxd5 Rxd5 14. Nb3 Bc2 15. Nbd2 Ncxe5 16. Nxe5 Nxe5 17. Bg2 Rd8 18. 0-0 Bc5 19. b4 Bb6 20. Bb2 f6 21. Rac1 Bf5 22. Ne4 Bxe4 23. Bxe4 fxg5 24. a4 a6 25. a5 Ba7 26. e3 Rh6 27. Rfd1 Rhd6 28. exd4 Bxd4 29. Bf5+ Kb8 30. Bxd4 Rxd4 31. Re1 Nf3+ 0-1

[Event "BRA-ch U26 (Women)"]
[Site "Brasilia"]
[Date "2015.06.10"]
[Round "1"]
[White "Schucman, Rebeca Lot"]
[Black "Da Silva, Naiara de Oliveira"]
[Result "1-0"]
[WhiteElo "1704"]
[BlackElo "1795"]
[PlyCount "71"]
[EventDate "2015.06.10"]
[EventType "swiss"]
[EventRounds "7"]
[EventCountry "BRA"]
[SourceTitle "CBM 167 Extra"]
[Source "ChessBase"]
[SourceDate "2015.09.14"]
[SourceVersion "1"]
[SourceVersionDate "2015.09.14"]
[SourceQuality "1"]

1. d4 d5 2. c4 e6 3. Nc3 Nf6 4. cxd5 Nxd5 5. e4 Nb6 6. Nf3 Bb4 7. a4 Nc6 8. Be2 0-0 9. 0-0 Re8 10. Bf4 Nxd4 11. Qxd4 Qxd4 12. Nxd4 e5 13. Ndb5 exf4 14. Nxc7 Bxc3 15. Nxe8 Be5 16. a5 Nd7 17. Rfd1 Nc5 18. Rd8 Kf8 19. Nd6+ Ke7 20. Rxc8 Rxc8 21. Nxc8+ Kd8 22. Nxa7 Nxe4 23. Rd1+ Ke7 24. Bb5 Nd6 25. b4 Kd8 26. a6 Kc7 27. Rd5 f6 28. Bd3 h6 29. Nb5+ Nxb5 30. Bxb5 bxa6 31. Bxa6 Kc6 32. Rd8 Kc7 33. Rc8+ Kb6 34. b5 g6 35. Rc6+ Ka7 36. Bc8 1-0

[Event "BRA-ch U18 Girls"]
[Site "Lages"]
[Date "2015.05.??"]
[Round "2"]
[White "Librelato, Kathie Goulart"]
[Black "Schucman, Rebeca Lot"]
[Result "1-0"]
[WhiteElo "1808"]
[BlackElo "1706"]
[PlyCount "79"]
[EventDate "2015.05.??"]
[EventType "swiss"]
[EventRounds "9"]
[EventCountry "BRA"]
[SourceTitle "EXT 2016"]
[Source "ChessBase"]
[SourceDate "2015.10.08"]
[SourceVersion "1"]
[SourceVersionDate "2015.10.08"]
[SourceQuality "1"]

1. e4 c5 2. Nf3 Nc6 3. d4 cxd4 4. Nxd4 g6 5. c4 Bg7 6. Be3 Nf6 7. Nc3 Ng4 8. Qxg4 Nxd4 9. Qd1 e5 10. Bd3 a6 11. 0-0 d6 12. Rc1 0-0 13. b3 Be6 14. Bb1 f5 15. exf5 Bxf5 16. Nd5 Ne6 17. Qd2 Qh4 18. g3 Qd8 19. Bb6 Qd7 20. Bxf5 gxf5 21. f4 e4 22. Rfd1 Rf7 23. b4 Qc6 24. Qc2 Rc8 25. a4 a5 26. b5 Qe8 27. Ne3 Bf8 28. Qd2 Nc5 29. Bxc5 dxc5 30. Qxa5 Bg7 31. Qb6 Bd4 32. Rxd4 cxd4 33. Qxd4 Rd7 34. Nd5 Rf7 35. Nf6+ Rxf6 36. Qxf6 Qd7 37. Qc3 Re8 38. Qe3 Ra8 39. c5 Rxa4 40. Qb3+ 1-0

[Event "BRA-ch Amateur"]
[Site "Sao Paulo"]
[Date "2015.04.03"]
[Round "6"]
[White "Schucman, Rebeca Lot"]
[Black "Castro, Leonardo Nascimento"]
[Result "1-0"]
[WhiteElo "1708"]
[BlackElo "1550"]
[PlyCount "75"]
[EventDate "2015.04.30"]
[EventType "swiss"]
[EventRounds "7"]
[EventCountry "BRA"]
[SourceTitle "EXT 2022"]
[Source "ChessBase"]
[SourceDate "2021.10.06"]
[SourceVersion "1"]
[SourceVersionDate "2021.10.06"]
[SourceQuality "1"]

1. d4 Nf6 2. c4 g6 3. Nc3 Bg7 4. e4 d6 5. Nf3 0-0 6. Be2 e5 7. d5 Ne8 8. 0-0 f5 9. Ng5 f4 10. Ne6 Bxe6 11. dxe6 c6 12. c5 Qe7 13. Bc4 Kh8 14. Qd3 dxc5 15. Rd1 Nc7 16. Nd5 cxd5 17. exd5 Nxd5 18. Qxd5 Bf6 19. Bb5 Rd8 20. Bd7 Nxd7 21. exd7 Rab8 22. b3 e4 23. Bxf4 Ra8 24. Bc7 Bxa1 25. Rxa1 h5 26. Rd1 Kg7 27. Bxd8 Rxd8 28. Qxb7 e3 29. fxe3 Qxe3+ 30. Kh1 Qe2 31. Qd5 Qxa2 32. Qe5+ Kh6 33. Qf4+ Kg7 34. Qe5+ Kh6 35. Qe3+ Kg7 36. Qe7+ Kh6 37. Qxd8 Qxb3 38. Qf8+ 1-0

[Event "BRA-ch Amateur"]
[Site "Sao Paulo"]
[Date "2015.04.03"]
[Round "7"]
[White "Souza dos Santos, Matheus Garcett"]
[Black "Schucman, Rebeca Lot"]
[Result "1-0"]
[WhiteElo "2058"]
[BlackElo "1708"]
[PlyCount "131"]
[EventDate "2015.04.30"]
[EventType "swiss"]
[EventRounds "7"]
[EventCountry "BRA"]
[SourceTitle "EXT 2022"]
[Source "ChessBase"]
[SourceDate "2021.10.06"]
[SourceVersion "1"]
[SourceVersionDate "2021.10.06"]
[SourceQuality "1"]

1. e4 c5 2. Nf3 g6 3. c4 Bg7 4. d4 cxd4 5. Nxd4 Nc6 6. Be3 Nf6 7. Nc3 0-0 8. Be2 Nxd4 9. Bxd4 d6 10. 0-0 Bd7 11. f3 Bc6 12. Qd2 Nd7 13. Bf2 a5 14. Rac1 Nc5 15. Rfd1 Qc7 16. Nd5 Bxd5 17. cxd5 a4 18. Qb4 Rfc8 19. Bb5 Qb6 20. a3 Qd8 21. Bc4 Be5 22. g3 Rab8 23. Bb5 Ra8 24. f4 Bg7 25. e5 b6 26. Bc6 Ra7 27. Bd4 e6 28. Bc3 Rxc6 29. dxc6 d5 30. Bd4 Bf8 31. Bxc5 bxc5 32. Rxc5 Rc7 33. Qd4 Bxc5 34. Qxc5 Qb8 35. Rd2 Qc8 36. Rc2 d4 37. Qxd4 Rxc6 38. Rd2 Rc1+ 39. Kg2 Rc2 40. Kh3 Rxd2 41. Qxd2 Qc4 42. Qg2 Kg7 43. Qf3 Qd4 44. Qe2 Qd5 45. Qc2 Qb5 46. Kg2 Kf8 47. Kf2 Ke7 48. Qc3 Ke8 49. Qb4 Qc6 50. Qc3 Qb5 51. Ke1 Qd5 52. Qc8+ Ke7 53. Qc7+ Kf8 54. Qd6+ Qxd6 55. exd6 Ke8 56. Kd2 Kd7 57. Kc3 f6 58. b3 axb3 59. Kxb3 Kxd6 60. Kc4 e5 61. fxe5+ fxe5 62. a4 Kc6 63. a5 e4 64. Kd4 Kb5 65. Kxe4 Kxa5 66. Ke5 1-0

[Event "BRA-ch Amateur"]
[Site "Sao Paulo"]
[Date "2015.04.01"]
[Round "2"]
[White "Sato, Luiz Henrique Yuzo"]
[Black "Schucman, Rebeca Lot"]
[Result "0-1"]
[WhiteElo "1240"]
[BlackElo "1708"]
[PlyCount "80"]
[EventDate "2015.04.30"]
[EventType "swiss"]
[EventRounds "7"]
[EventCountry "BRA"]
[SourceTitle "EXT 2022"]
[Source "ChessBase"]
[SourceDate "2021.10.06"]
[SourceVersion "1"]
[SourceVersionDate "2021.10.06"]
[SourceQuality "1"]

1. d4 Nf6 2. Nf3 g6 3. Bf4 Bg7 4. e3 0-0 5. Nbd2 d6 6. Bc4 Nbd7 7. c3 c5 8. 0-0 a6 9. Qe2 b5 10. Bd3 Bb7 11. a4 c4 12. Bc2 Re8 13. Rfd1 e5 14. dxe5 dxe5 15. Nxe5 Nxe5 16. Bxe5 Rxe5 17. Nxc4 Rd5 18. axb5 axb5 19. Rxa8 Bxa8 20. Na3 Bc6 21. Bb3 Rxd1+ 22. Qxd1 Qxd1+ 23. Bxd1 Ne4 24. Bf3 f5 25. Be2 Nd6 26. Kf1 Kf7 27. f3 b4 28. cxb4 Bxb2 29. b5 Bd7 30. Nc4 Nxc4 31. Bxc4+ Ke7 32. Ke2 Kd6 33. Bg8 Bxb5+ 34. Kf2 h6 35. Bf7 g5 36. Kg3 Bc3 37. Bh5 Be1+ 38. Kh3 Be2 39. Bg6 g4+ 40. fxg4 Bxg4# 0-1

[Event "Ribeirao Preto Batatais op"]
[Site "Ribeirao Preto"]
[Date "2015.03.01"]
[Round "4"]
[White "Borsato, Ana Carolina Teodor"]
[Black "Schucman, Rebeca Lot"]
[Result "1-0"]
[WhiteElo "1721"]
[BlackElo "1728"]
[PlyCount "47"]
[EventDate "2015.02.28"]
[EventType "swiss"]
[EventRounds "5"]
[EventCountry "BRA"]
[SourceTitle "CBM 165 Extra"]
[Source "ChessBase"]
[SourceDate "2015.04.21"]
[SourceVersion "1"]
[SourceVersionDate "2015.04.21"]
[SourceQuality "1"]

1. e4 c5 2. Nf3 Nc6 3. d4 cxd4 4. Nxd4 g6 5. Nc3 Bg7 6. Be3 Nf6 7. Bc4 Qa5 8. 0-0 0-0 9. h3 Nxd4 10. Bxd4 b5 11. Bb3 Bb7 12. a3 d6 13. f4 Rac8 14. f5 Bxe4 15. Bxf6 Qb6+ 16. Kh1 Bxg2+ 17. Kxg2 Bxf6 18. Nd5 Qb7 19. Qf3 Rc6 20. Nxf6+ exf6 21. Rf2 Qc7 22. fxg6 hxg6 23. Qxf6 d5 24. Qf3 1-0

[Event "Ribeirao Preto Batatais op"]
[Site "Ribeirao Preto"]
[Date "2015.02.28"]
[Round "2"]
[White "Duarte, Alexandre Augusto"]
[Black "Schucman, Rebeca Lot"]
[Result "1/2-1/2"]
[WhiteElo "1800"]
[BlackElo "1728"]
[PlyCount "54"]
[EventDate "2015.02.28"]
[EventType "swiss"]
[EventRounds "5"]
[EventCountry "BRA"]
[SourceTitle "CBM 165 Extra"]
[Source "ChessBase"]
[SourceDate "2015.04.21"]
[SourceVersion "1"]
[SourceVersionDate "2015.04.21"]
[SourceQuality "1"]

1. d4 Nf6 2. c4 g6 3. Nc3 Bg7 4. e4 d6 5. Nf3 0-0 6. Be2 e5 7. 0-0 Nc6 8. d5 Ne7 9. b4 Nd7 10. a3 h6 11. Ne1 f5 12. exf5 gxf5 13. Bb2 Kh7 14. g4 fxg4 15. Qd3+ Ng6 16. Bxg4 e4 17. Qe3 Nde5 18. Be2 Qh4 19. Ng2 Qh3 20. Qxe4 Bg4 21. f4 Bxe2 22. Qxe2 Ng4 23. Ne1 Bxc3 24. Rf3 Bxb2 25. Rxh3 Bd4+ 26. Kf1 Bxa1 27. Nd3 N6e5 1/2-1/2

[Event "South America-ch U18 Girls 11th"]
[Site "Montevideo"]
[Date "2014.09.12"]
[Round "7"]
[White "Ruiz, Mishell"]
[Black "Schucman, Rebeca Lot"]
[Result "1-0"]
[WhiteElo "1692"]
[BlackElo "1677"]
[PlyCount "59"]
[EventDate "2014.09.08"]
[EventType "swiss"]
[EventRounds "9"]
[EventCountry "URU"]
[SourceTitle "EXT 2016"]
[Source "ChessBase"]
[SourceDate "2015.10.08"]
[SourceVersion "1"]
[SourceVersionDate "2015.10.08"]
[SourceQuality "1"]

1. e4 c5 2. Bc4 e6 3. Nc3 a6 4. a4 Nc6 5. Nge2 Nf6 6. d3 d5 7. exd5 exd5 8. Bb3 Be6 9. Ng3 Bd6 10. 0-0 h6 11. Nh5 Bxh2+ 12. Kxh2 Ng4+ 13. Kg1 Qh4 14. Bf4 Qxh5 15. Nxd5 Bxd5 16. Bxd5 0-0 17. Bxc6 bxc6 18. Qf3 Qg6 19. Qg3 Qh5 20. Qh3 Qf5 21. Bg3 c4 22. Rfe1 cxd3 23. cxd3 h5 24. Rac1 Qxd3 25. Rxc6 Qd2 26. Rf1 g6 27. b3 Rfe8 28. Rd6 Qc3 29. Bf4 Re1 30. Qxc3 1-0

[Event "BRA-ch (Women)"]
[Site "Blumenau"]
[Date "2014.05.30"]
[Round "2"]
[White "Prior, Marciane"]
[Black "Schucman, Rebeca Lot"]
[Result "1-0"]
[WhiteElo "1925"]
[BlackElo "1681"]
[PlyCount "113"]
[EventDate "2014.05.29"]
[EventType "swiss"]
[EventRounds "7"]
[EventCountry "BRA"]
[SourceTitle "EXT 2015"]
[Source "ChessBase"]
[SourceDate "2014.11.20"]
[SourceVersion "1"]
[SourceVersionDate "2014.11.20"]
[SourceQuality "1"]

1. b3 c5 2. Bb2 d5 3. e3 Nf6 4. Bb5+ Bd7 5. Bxd7+ Qxd7 6. Nf3 Nc6 7. d3 g6 8. Nbd2 Bg7 9. Rb1 0-0 10. 0-0 d4 11. Ne4 Nxe4 12. dxe4 Rfd8 13. exd4 cxd4 14. Qd3 Rac8 15. a3 Qc7 16. Bc1 a6 17. Rb2 Na7 18. a4 Nc6 19. Bd2 a5 20. g3 Nb4 21. Bxb4 axb4 22. Ra2 Qc3 23. Rd1 Qxd3 24. Rxd3 Ra8 25. e5 Rd5 26. Ra1 f6 27. Nxd4 fxe5 28. Ne6 Rxd3 29. cxd3 Bf6 30. Nc5 b6 31. Ne4 Rc8 32. Kf1 Rc2 33. Rb1 Kf7 34. Ke1 Bg7 35. Nd2 e4 36. Nxe4 Bc3+ 37. Kd1 Ra2 38. Rc1 Bd4 39. Rc4 Bxf2 40. Rxb4 Ra1+ 41. Ke2 Ra2+ 42. Kf3 Bc5 43. Nxc5 bxc5 44. Rb5 Ra3 45. Ke4 Ke6 46. d4 c4 47. bxc4 Rxa4 48. Rb6+ Kd7 49. c5 Ra1 50. Kd5 Rf1 51. c6+ Kc8 52. Rb7 Rf5+ 53. Kc4 e6 54. Rxh7 Rg5 55. Re7 Rh5 56. h4 Rf5 57. Rxe6 1-0